书目信息 |
| 题名: |
机械基础及建筑机械
|
|
| 作者: | 机械工业职业技能鉴定指导中心 , 技工学? , 朱乃龙 编著 | |
| 分册: | ||
| 出版信息: | 武汉 武汉工业大学出版社 1997.10 |
|
| 页数: | 178页 | |
| 开本: | 26cm | |
| 丛书名: | ||
| 单 册: | ||
| 中图分类: | ||
| 科图分类: | ||
| 主题词: | 建筑机械 , 建筑工程--工程施工--设备 | |
| 电子资源: | ||
| ISBN: | 7-5629-1307-2 | |
| 000 | 00690nam0 2200229 45 | |
| 001 | 9911091602 | |
| 005 | 20001026191429.5 | |
| 010 | @dRMB 11.50@a7-5629-1307-2 | |
| 100 | @a19991109d1997 km y0chiy0120 ea | |
| 101 | @achi | |
| 200 | 1 | @a机械基础及建筑机械@AJi Xie Ji Chu Ji Jian Zhu Ji Xie@f朱乃龙编@FZhu Nai Long Bian |
| 210 | @d1997.10@a武汉@c武汉工业大学出版社@a武汉@c武汉工业大学出版社 | |
| 215 | @a178页@d26cm | |
| 606 | 0 | @a建筑机械 |
| 606 | 0 | @a建筑工程@x工程施工@x设备 |
| 690 | @v3 | |
| 690 | @aTU6-43@v3 | |
| 701 | @a机械工业职业技能鉴定指导中心@4编著 | |
| 701 | 0 | @a技工学? |
| 701 | 0 | @a朱乃龙@4编 |
| 801 | @aCN@bPFTUser@c19991109 | |
| 905 | @dTU6-43@eZH481@b191938-947@f10 | |
| 机械基础及建筑机械/朱乃龙编.-1997.10;武汉:武汉工业大学出版社;武汉:武汉工业大学出版社 |
| 178页;26cm |
| ISBN 7-5629-1307-2:RMB 11.50 |
| ● |
| 相关链接 |
|
|
|
正题名:机械基础及建筑机械
索取号:TU6-43/ZH481
 
预约/预借
| 序号 | 登录号 | 条形码 | 馆藏地/架位号 | 状态 | 备注 |
| 1 | 191938 | 201919380 | 自科二线404/404自科库 2排6列4层/ [索取号:TU6-43/ZH481] | 在馆 | |
| 2 | 191939 | 201919399 | 建筑库201/201建筑库 12排1列3层/ [索取号:TU6-43/ZH481] | 在馆 | |
| 3 | 191940 | 201919406 | 自科二线404/404自科库 2排6列4层/ [索取号:TU6-43/ZH481] | 在馆 | |
| 4 | 191941 | 201919415 | 自科二线404/404自科库 2排6列4层/ [索取号:TU6-43/ZH481] | 在馆 | |
| 5 | 191942 | 201919424 | 建筑库201/201建筑库 12排1列3层/ [索取号:TU6-43/ZH481] | 在馆 | |
| 6 | 191943 | 201919433 | 土木与交通工程学院资料室/土木与交通学院资料室 1排1列1层/ [索取号:TU6-43/ZH481] | 在馆 | |
| 7 | 191944 | 201919442 | 自科二线404/404自科库 2排6列4层/ [索取号:TU6-43/ZH481] | 在馆 | |
| 8 | 191945 | 201919451 | 自科二线404/404自科库 2排6列4层/ [索取号:TU6-43/ZH481] | 在馆 | |
| 9 | 191946 | 201919460 | 自科二线404/404自科库 2排6列4层/ [索取号:TU6-43/ZH481] | 在馆 | |
| 10 | 191947 | 201919479 | 自科二线404/404自科库 2排6列4层/ [索取号:TU6-43/ZH481] | 在馆 | |
| 11 | 362583 | 203625835 | 建筑库201/201建筑库 12排1列3层/ [索取号:TU6-43/ZH481] | 在馆 |